Multi-pronged omics technologies to understand COVID-19 (Record no. 32795)

MARC details
000 -LEADER
fixed length control field 00514nam a2200181Ia 4500
020 ## - INTERNATIONAL STANDARD BOOK NUMBER
ISBN 9781032116297
050 ## - CALL MARK
Classification number RA 644 .C67 .M85/
100 ## - STATEMENT OF RESPONSIBILITY--MAIN AUTHOR NAME
Personal name Edited by Sanjeeva Srivastava
245 #0 - TITLE STATEMENT
Title Multi-pronged omics technologies to understand COVID-19
260 ## - PUBLICATION, DISTRIBUTION, ETC. (IMPRINT)
Place of publication Boca Raton
260 ## - PUBLICATION, DISTRIBUTION, ETC. (IMPRINT)
Name of publisher CRC Press,
260 ## - PUBLICATION, DISTRIBUTION, ETC. (IMPRINT)
Year of publication 2022
300 ## - PHYSICAL DESCRIPTION
Number of Pages 221 p
650 ## - SUBJECT ADDED ENTRY--TOPICAL TERM
Topical Term COVID-19--genetics SARS-CoV-2--genetics Computational Biology
942 ## - ADDED ENTRY ELEMENTS (KOHA)
Koha item type Books
Holdings
Withdrawn status Lost status Source of classification or shelving scheme Damaged status Not for loan Permanent Location Current Location Shelving location Date acquired Accession Number Price effective from Koha item type
    Library of Congress Classification     NILE UNIVERSITY OF NIGERIA - MAIN LIBRARY NILE UNIVERSITY OF NIGERIA - MAIN LIBRARY Items on shelf 04/23/2025 0197727 04/23/2025 Books